000 00703cab a22002055a 4500
001 L153826
008 110912s2011 xxka f 000 0 eng d
035 _a(Sirsi) u153826
041 0 _aeng
100 1 _aRaymer, Andrew
245 0 4 _aThe lost art of measuring
260 _c2011
490 _aCivil Engineering Surveyor
_vSeptember 2011, 28-29(2)
520 _aLooks at the changing role of the traditional quantity surveyor over the last 20 years. The history of quantity surveying.
650 2 4 _aHISTORY OF QUANTITY SURVEYING
651 4 _aUnited Kingdom
_y
690 _aQuantity surveying
_96263
690 _aBUILT ENVIRONMENT-QUANTITY SURVEYING-CONSTRUCTION COST ESTIMATING
942 _n0
999 _c83390
_d83390